Test de Rapidité - Lettre "J" - Statistiques

Statistiques générales
  • Ce quiz a été pris 2 076 fois
  • Le résultat moyen est 93 sur 100
Statistiques - réponses
Lettre "J" % Correct
J
100%
J
100%
J
100%
J
100%
J
100%
J
99%
J
99%
J
99%
J
99%
J
99%
J
99%
J
99%
J
99%
J
99%
J
98%
J
98%
J
98%
J
98%
J
98%
J
98%
J
98%
J
98%
J
97%
J
97%
J
97%
J
97%
J
97%
J
97%
J
97%
J
97%
J
97%
J
96%
J
96%
J
96%
J
96%
J
96%
J
96%
J
96%
J
96%
J
96%
J
96%
J
96%
J
96%
J
96%
J
96%
J
96%
J
96%
J
96%
J
96%
J
96%
J
96%
J
96%
J
95%
J
95%
J
95%
J
95%
J
95%
J
95%
J
94%
J
94%
J
94%
J
94%
J
94%
J
94%
J
94%
J
94%
J
94%
J
94%
J
93%
J
93%
J
93%
J
93%
J
92%
J
92%
J
92%
J
92%
J
91%
J
91%
J
91%
J
90%
J
90%
J
89%
J
88%
J
88%
J
87%
J
87%
J
86%
J
85%
J
84%
J
84%
J
83%
J
82%
J
80%
J
80%
J
79%
J
79%
J
78%
J
75%
J
74%
J
73%
Aucun quiz correspondant
Distribution des résultats
% des personnes avec chaque résultat
Percentile par nombre de réponses
Votre historique - résultats
Vous n’avez pas pris ce quiz